Datum a čas kvízu
31.5
Celkem bodů
Celkový počet nahraných bodů na tomto kvízu bez doplňovacích otázek.
8.
Pořadí na kvízu
Konečné umístění týmu na tomto kvízu.
Zaznamenané odpovědi
| # | Otázka | Odpověď | Body | Výsledky |
|---|---|---|---|---|
| 1. | Jak se jmenuje hejtman, který... | Jan Krkoška, Moravskoslezský kraj | 0.5 | |
| 2. | Ve středu byl zveřejněn žebříč... | Finsko | 1 | |
| 3. | Streetartový umělec Banksy se... | strom | 1 | |
| 4. | V minulém týdnu probíhal v Brn... | Amper | 1 | |
| 5. | V pondělí byla představena kol... | z (křišťálového) skla | 1 | |
| 6. | Toto literární téma vyhrálo mi... | Malý princ | 0 | |
| 7. | Děj knihy se odehrává během tř... | Kdo chytá v žitě, J. D. Salinger | 0 | |
| 8. | Přiřaďte klasická díla ruské l... | 1A 2D 3B 4C | 1 | |
| 9. | Jedna z nejprodávanějších knih... | Anne Frank | 1 | |
| 10. | Na závěr se zaměříme na novějš... | Hvězdy nám nepřály | 0 |